|
|
|
|
| LEADER |
00800nab a2200217 i 4500 |
| 001 |
publ24358 |
| 005 |
20220517161248.0 |
| 008 |
220517s2017 hu o 0|| Angol d |
| 022 |
|
|
|a 2278-1692
|
| 024 |
7 |
|
|a 10.5005/jp-journals-10029-1150
|2 doi
|
| 024 |
7 |
|
|a 3232449
|2 mtmt
|
| 040 |
|
|
|a SZTE Publicatio Repozitórium
|b hun
|
| 041 |
|
|
|a Angol
|
| 100 |
1 |
|
|a Rajnics Zsolt
|
| 245 |
1 |
4 |
|a The Effect of Periogen Solution on Dental Calculus in vitro
|h [elektronikus dokumentum] :
|b A Pilot Study /
|c Rajnics Zsolt
|
| 260 |
|
|
|c 2017
|
| 300 |
|
|
|a 33-34
|
| 490 |
0 |
|
|a INTERNATIONAL JOURNAL OF EXPERIMENTAL DENTAL SCIENCE
|v 6 No. 1
|
| 650 |
|
4 |
|a Fogászat, szájsebészet és -gyógyászat
|
| 700 |
0 |
1 |
|a Radnai Márta
|e aut
|
| 856 |
4 |
0 |
|u http://publicatio.bibl.u-szeged.hu/24358/1/3232449ijeds-6-33.pdf
|z Dokumentum-elérés
|